Tongue Twister Typing Challenge Quiz Stats

 Plays Quiz Updated Jul 18, 2018

Score 0/58 Timer 01:00
3 Plays Today
Words Typed % Correct
????
100%
????
98.8%
????
97.5%
????
97%
????
96.9%
????
96.6%
????
95.8%
????
95.5%
????
94.9%
????
94.8%
????
94.6%
????
94.4%
????
93.9%
????
93.5%
????
92.9%
????
92.5%
????
91.6%
????
91%
????
90.5%
????
89.8%
????
88.9%
????
88.3%
????
86.6%
????
85.3%
????
84.6%
????
84.2%
????
83.1%
????
81.5%
????
79.6%
Words Typed % Correct
????
78.4%
????
77.3%
????
76.2%
????
73.7%
????
71.6%
????
68.8%
????
66.4%
????
63.7%
????
62.3%
????
61.2%
????
59.3%
????
56.9%
????
54.8%
????
51.4%
????
50.5%
????
45%
????
41.9%
????
40.4%
????
39.6%
????
34.9%
????
32.7%
????
30.1%
????
28.3%
????
25.9%
????
23.1%
????
18.6%
????
17.4%
????
15.1%
????
10.4%

You're not logged in!

Compare scores with friends on all Sporcle quizzes.
OR
Log In

Sporcle TV

Today on Sporcle TV


Watch our educational content, quiz creation guides, and fun videos on Sporcle TV.

Show Comments

Extras

Top Quizzes Today


Score Distribution

Your Account Isn't Verified!

In order to create a playlist on Sporcle, you need to verify the email address you used during registration. Go to your Sporcle Settings to finish the process.

Report this User

Report this user for behavior that violates our Community Guidelines.

Details: